ბათუმის შოთა რუსთაველის სახელმწიფო უნივერსიტეტის ბიბლიოთეკა

შრომის მეცნიერული ორგანიზაცია და შრომის კულტურის ამაღლება : (ბიბ.ჩანაწერი № 63225)

000 -ლიდერი
ფიქსირებული სიგრძის საკონტროლო ველი 01001nam a22001937a 4500
003 - საკონტროლო ნომრის იდენტიფიკატორი
საკონტროლო ველი Ge_BSU
005 - ბოლო ოპერაციის თარიღი და დრო
საკონტროლო ველი 20250701162705.0
008 - ფიქსირებული სიგრძის მონაცემთა ელემენტები - ზოგადი ინფორმაცია
ფიქსირებული სიგრძის საკონტროლო ველი 250701s1972 ge ||||| |||| 00| 0 geo d
041 ## - ენის კოდი
Language code of text/sound track or separate title geo
080 ## - უნივერსალური ათობითი კლასიფიკაციის ინდექსი
Universal Decimal Classification number 331.103:658.5 ტ-63
100 ## - მთავარი ჩანაწერი - პიროვნების სახელი
Personal name ტიხონოვი, ი.
9 (RLIN) 25588
245 ## - ცნობა სათაურის შესახებ
Title შრომის მეცნიერული ორგანიზაცია და შრომის კულტურის ამაღლება :
Remainder of title [სამრეწველო საწარმოებში] /
Statement of responsibility, etc ი. ტიხონოვი ; მთარგმნ.: ბ. დარსაძე.
264 ## - წარმოების, გამოცემის, დისტრიბუციის და სხვა ცნობები
გამოცემის, წარმოების, დისტრიბუციის... ადგილი თბილისი :
გამოცემის, წარმოების, დისტრიბუციის... სახელწოდება საბჭოთა საქართველო,
გამოცემის, წარმოების, დისტრიბუციის... თარიღი 1972.
300 ## - ფიზიკური აღწერა
Extent 69 გვ. ;
Other physical details 20 სმ.
653 ## - INDEX TERM--UNCONTROLLED
Uncontrolled term შრომის მეცნიერული ორგანიზაცია.
653 ## - INDEX TERM--UNCONTROLLED
Uncontrolled term შრომა
700 ## - ADDED ENTRY--PERSONAL NAME
Personal name დარსაძე, ბ.
Relator term მთარგმნელი
9 (RLIN) 25589
942 ## - ADDED ENTRY ELEMENTS (KOHA)
Source of classification or shelving scheme
Koha item type წიგნი
ეგზემპლარები
ჩამოწერის სტატუსი დაკარგული ეგზემპლარის სტატუსი კლასიფიკაციის წყარო ან თაროზე გაწყობის სქემა დაზიანების სტატუსი არ გაიცემა მუდმივი მდებარეობა (დაცვის ადგილი) ამჟამინდელი ადგილსამყოფელი თაროზე განთავსების ადგილი შეძენის თარიღი ღირებულება, შესყიდვის ნორმალური ფასი სრული შენახვის შიფრი შტრიხკოდი ბოლო ოპერაციის თარიღი ეგზემპლარის მიმდევრობითი ნომერი (კეტერი?) ფასის ძალაში შესვლის თარიღი ეგზემპლარის სახეობა საჯარო შენიშვნა
          ბათუმის შოთა რუსთაველის სახელმწიფო უნივერსიტეტის მთავარი ბიბლიოთეკა ბათუმის შოთა რუსთაველის სახელმწიფო უნივერსიტეტის მთავარი ბიბლიოთეკა წიგნსაცავი 2025-07-01 0.00 331.103:658.5 ტ-63 72028 2025-07-01 72028 2025-07-01 წიგნი 0,36 თ.
          ბათუმის შოთა რუსთაველის სახელმწიფო უნივერსიტეტის მთავარი ბიბლიოთეკა ბათუმის შოთა რუსთაველის სახელმწიფო უნივერსიტეტის მთავარი ბიბლიოთეკა წიგნსაცავი 2025-07-01 0.00 331.103:658.5 ტ-63 72029 2025-07-01 72029 2025-07-01 წიგნი 0,36 თ.